00466nam a2200157 i 450000100060000000300090000600500170001500700030003200800410003510000250007624500860010126000530018730000220024065000260026285200200028828585ES-MaACL20230906153906.0t|030117s1911 xxk ||||1| eng d1 aBaldwin, James Mark.14aThe individual and society or psychology and sociology / cby James Mark Baldwin. aLondon : bRebman, c[1911] (fThe Gorham press) a210 p. ; c19 cm.04aIndividuo y sociedad. aES-MaACLjG-108